| 000 | 00775nam a22001817a 4500 | ||
|---|---|---|---|
| 008 | 170927s2015 mx||||| |||| 00| 0 spa d | ||
| 082 | 0 | 4 |
_a861 _bD352s |
| 100 | 1 |
_aDelgado, Nicole Cecilia. _9643 |
|
| 245 | 1 | 0 |
_aSucede que yo soy América / _cNicole Cecilia Delgado. |
| 250 | _a2a edición. | ||
| 260 |
_aMéxico : _bCráter Invertido ; LAEL, _c2015. |
||
| 300 | _a96 páginas | ||
| 500 | _aPublicación impresa dentro del marco de una residencia en el taller de la Cooperativa Editorial Cráter Invertido en la Colonia San Rafael de la Ciudad de México, durante diciembre de 2015, realizado con el apoyo de Beta-Local y Arts Collaboratory. | ||
| 653 | 1 | 0 | _aLiteratura Latinoamericana |
| 653 | 1 | 0 | _aPoesía |
| 653 | 1 | 0 | _aEscritores americanos |
| 653 | 1 | 0 | _aTraducción libre |
| 999 |
_c1287 _d1287 |
||